Ang Bayani : (Record no. 78928)
[ view plain ]
| 000 -LEADER | |
|---|---|
| fixed length control field | 00860nam a2200241Ia 4500 |
| 003 - CONTROL NUMBER IDENTIFIER | |
| control field | URS |
| 005 - DATE AND TIME OF LATEST TRANSACTION | |
| control field | 20250429222722.0 |
| 008 - FIXED-LENGTH DATA ELEMENTS--GENERAL INFORMATION | |
| fixed length control field | 240418s9999 xx 000 0 und d |
| 020 ## - INTERNATIONAL STANDARD BOOK NUMBER | |
| International Standard Book Number | 9786214182343 (pbk.) |
| 040 ## - CATALOGING SOURCE | |
| Language of cataloging | English |
| Transcribing agency | URS |
| Description conventions | rda |
| 050 ## - LIBRARY OF CONGRESS CALL NUMBER | |
| Classification number | DS675.8.R66 |
| Item number | Ay88 2022 |
| 100 ## - MAIN ENTRY--PERSONAL NAME | |
| Personal name | Ayson, Eric D.G., |
| Relator term | author. |
| 245 #0 - TITLE STATEMENT | |
| Title | Ang Bayani : |
| Remainder of title | The Life, Works, Writing and Travels of Dr. Jose P. Rizal / |
| Statement of responsibility, etc | Eric D.G. Ayson. |
| 264 ## - PUBLICATION, DISTRIBUTION, ETC. (IMPRINT) | |
| Place of publication, distribution, etc | Quezon City : |
| Name of publisher, distributor, etc | Wiseman's Books Trading, Inc. ; |
| Date of publication, distribution, etc | ©2022. |
| 300 ## - PHYSICAL DESCRIPTION | |
| Extent | viii, 136 pages : |
| Other physical details | illustrations ; |
| Dimensions | 22 cm. |
| 336 ## - CONTENT TYPE | |
| Content type term | text |
| Content type code | txt |
| Source | rdacontent |
| 337 ## - MEDIA TYPE | |
| Media type term | unmediated |
| Media type code | n |
| Source | rdamedia |
| 338 ## - CARRIER TYPE | |
| Carrier type term | volume |
| Carrier type code | nc |
| Source | rdacarrier |
| 504 ## - BIBLIOGRAPHY, ETC. NOTE | |
| Bibliography, etc | Includes bibliographical references. |
| 650 #0 - SUBJECT ADDED ENTRY--TOPICAL TERM | |
| Topical term or geographic name as entry element | Rizal, Jose, 1861-1896 |
| General subdivision | Juvenile literature. |
| 9 (RLIN) | 6184 |
| 650 #0 - SUBJECT ADDED ENTRY--TOPICAL TERM | |
| Topical term or geographic name as entry element | Heroes |
| Geographic subdivision | Philippines |
| General subdivision | Biography. |
| 9 (RLIN) | 2889 |
| 942 ## - ADDED ENTRY ELEMENTS (KOHA) | |
| Koha item type | Filipiniana |
| Source of classification or shelving scheme | Library of Congress Classification |
| Withdrawn status | Lost status | Source of classification or shelving scheme | Damaged status | Not for loan | Collection code | Home library | Current library | Shelving location | Date acquired | Source of acquisition | Total Checkouts | Full call number | Barcode | Date last seen | Copy number | Koha item type |
|---|---|---|---|---|---|---|---|---|---|---|---|---|---|---|---|---|
| Library of Congress Classification | Non-fiction | Taytay College Library | Taytay College Library | Filipiniana Section | 10/23/2022 | Purchased | DS675.8.R66 Ay88 2022 | URSTAY-5288 | 06/02/2025 | 1 | Filipiniana | |||||
| Library of Congress Classification | Non-fiction | Taytay College Library | Taytay College Library | Filipiniana Section | 04/19/2024 | Purchased | DS675.8.R66 Ay88 2022 | URSTAY-5289 | 06/02/2025 | 2 | Filipiniana |